The 10 Smallest Island Countries - Statistics

General Stats
  • This quiz has been taken 27 times
    22 since last reset
  • The average score is 8 of 10
Answer Stats
Continent Countries % Correct
Oceania Tuvalu
94%
Europe Malta
88%
North America Grenada
82%
Asia Maldives
82%
Oceania Nauru
82%
North America Barbados
76%
North America St. Kitts and Nevis
76%
North America St. Vincent and the Grenadines
76%
North America Antigua and Barbuda
71%
Oceania Marshall Islands
71%
No matching quizzes found
Score Distribution
Percent of People with Each Score
Percentile by Number Answered
Your Score History
You have not taken this quiz since the last reset